000 00701nam a2200253Ia 4500
003 OSt
005 20221006155728.0
006 a|||||r|||| 00| 0
007 ta
008 221006b |||||||| |||| 00| 0 eng d
024 _a43,300
037 _cSeries Articles
040 _aEASL
_cEASL
_beng
041 _2eng
_aeng
100 _aChatterjee Indrani
245 0 _aWhen Sexuality floated free of histories in South Asia
260 _aCambridge
_bAssociation of Asian Studies (Cambridge University Press)
_c2012
300 _a945-962
_ccm.
490 _v71
650 _a Economics
650 _aHistories
942 _cREF
_2CC
999 _c1111386
_d1111386